[Event "April 9 Early 2024"]
[Site "Chess.com"]
[Date "2024.04.09"]
[Round "5"]
[White "Zia, Tahsin Tajwar"]
[Black "Filippova, Margarita"]
[Result "0-1"]
[Board "192"]
[WhiteFideId "10211888"]
[BlackFideId "34199680"]
[WhiteTitle "FM"]
[BlackTitle "WFM"]
[WhiteElo "2534"]
[BlackElo "2323"]
[WhiteTeam "BAN"]
[BlackTeam "RUS"]
[WhiteClock "0:00:03"]
[BlackClock "0:00:44"]
[Variant "Standard"]

1. d4 {[%clk 0:02:38]}  d5 {[%clk 0:02:35]} 2. c4 {[%clk 0:02:38]}  c6 {[%clk 0:02:24]} 3. Nf3 {[%clk 0:02:32]}  Bg4 {[%clk 0:02:20]} 4. Ne5 {[%clk 0:02:25]}  Bf5 {[%clk 0:02:20]} 5. Qb3 {[%clk 0:02:24]}  Qb6 {[%clk 0:02:01]} 6. cxd5 {[%clk 0:01:43]}  Qxb3 {[%clk 0:01:59]} 7. axb3 {[%clk 0:01:42]}  cxd5 {[%clk 0:02:00]} 8. Nc3 {[%clk 0:01:42]}  e6 {[%clk 0:01:57]} 9. f3 {[%clk 0:01:42]}  f6 {[%clk 0:01:56]} 10. g4 {[%clk 0:01:34]}  fxe5 {[%clk 0:01:54]} 11. gxf5 {[%clk 0:01:34]}  exd4 {[%clk 0:01:54]} 12. Nb5 {[%clk 0:01:34]}  Kd8 {[%clk 0:01:46]} 13. fxe6 {[%clk 0:01:25]}  Nc6 {[%clk 0:01:45]} 14. Bh3 {[%clk 0:01:19]}  Nf6 {[%clk 0:01:44]} 15. Rg1 {[%clk 0:01:15]}  g6 {[%clk 0:01:43]} 16. Bg5 {[%clk 0:01:14]}  Be7 {[%clk 0:01:43]} 17. O-O-O {[%clk 0:01:10]}  Rc8 {[%clk 0:01:37]} 18. Kb1 {[%clk 0:01:07]}  Rf8 {[%clk 0:01:19]} 19. Bh6 {[%clk 0:00:58]}  Re8 {[%clk 0:01:16]} 20. Bg5 {[%clk 0:00:49]}  Rf8 {[%clk 0:01:03]} 21. Nxd4 {[%clk 0:00:48]}  a6 {[%clk 0:01:01]} 22. e4 {[%clk 0:00:40]}  Ke8 {[%clk 0:00:52]} 23. Nxc6 {[%clk 0:00:25]}  bxc6 {[%clk 0:00:52]} 24. Bxf6 {[%clk 0:00:08]}  Rxf6 {[%clk 0:00:53]} 25. exd5 {[%clk 0:00:08]}  cxd5 {[%clk 0:00:53]} 26. Rxd5 {[%clk 0:00:09]}  Rxf3 {[%clk 0:00:52]} 27. Rg3 {[%clk 0:00:07]}  Rf2 {[%clk 0:00:48]} 28. Rgd3 {[%clk 0:00:04]}  Rcc2 {[%clk 0:00:45]} 29. Rd7 {[%clk 0:00:02]}  Rxb2+ {[%clk 0:00:45]} 30. Kc1 {[%clk 0:00:03]}  Rfc2+ {[%clk 0:00:45]} 31. Kd1 {[%clk 0:00:03]}  Rxh2 {[%clk 0:00:45]} 32. Bf1 {[%clk 0:00:03]}  Rb1# {[%clk 0:00:44]} 0-1

[Event "April 9 Early 2024"]
[Site "Chess.com"]
[Date "2024.04.09"]
[Round "5"]
[White "Lai, Hong Jun"]
[Black "Uber Gracia, Hugo"]
[Result "1-0"]
[Board "194"]
[WhiteFideId "5729165"]
[BlackFideId "54720079"]
[WhiteTitle "CM"]
[BlackTitle "CM"]
[WhiteElo "2316"]
[BlackElo "2520"]
[WhiteTeam "MAS"]
[BlackTeam "ESP"]
[WhiteClock "0:00:11"]
[BlackClock "0:00:01"]
[Variant "Standard"]

1. Nf3 {[%clk 0:03:00]}  d5 {[%clk 0:02:50]} 2. d4 {[%clk 0:02:59]}  Nf6 {[%clk 0:02:49]} 3. c4 {[%clk 0:02:59]}  dxc4 {[%clk 0:02:49]} 4. e3 {[%clk 0:02:58]}  Bf5 {[%clk 0:02:45]} 5. Bxc4 {[%clk 0:02:55]}  e6 {[%clk 0:02:41]} 6. Nc3 {[%clk 0:02:51]}  c6 {[%clk 0:02:37]} 7. a4 {[%clk 0:02:49]}  a5 {[%clk 0:02:31]} 8. Qe2 {[%clk 0:02:46]}  Be7 {[%clk 0:02:19]} 9. e4 {[%clk 0:02:41]}  Bg6 {[%clk 0:02:13]} 10. O-O {[%clk 0:02:40]}  h6 {[%clk 0:02:10]} 11. Rd1 {[%clk 0:02:36]}  O-O {[%clk 0:02:06]} 12. Bf4 {[%clk 0:02:29]}  Na6 {[%clk 0:01:59]} 13. h3 {[%clk 0:02:20]}  Nb4 {[%clk 0:01:51]} 14. Ne5 {[%clk 0:02:14]}  Bh7 {[%clk 0:01:45]} 15. f3 {[%clk 0:01:51]}  Nd7 {[%clk 0:01:41]} 16. Ng4 {[%clk 0:01:41]}  Qb6 {[%clk 0:01:30]} 17. Be3 {[%clk 0:01:35]}  Qc7 {[%clk 0:01:05]} 18. Qd2 {[%clk 0:01:22]}  Rad8 {[%clk 0:00:51]} 19. Bf4 {[%clk 0:00:57]}  Bd6 {[%clk 0:00:47]} 20. e5 {[%clk 0:00:46]}  Be7 {[%clk 0:00:43]} 21. Bxh6 {[%clk 0:00:34]}  gxh6 {[%clk 0:00:38]} 22. Qxh6 {[%clk 0:00:35]}  Kh8 {[%clk 0:00:24]} 23. Ne4 {[%clk 0:00:34]}  Rg8 {[%clk 0:00:19]} 24. Nef6 {[%clk 0:00:31]}  Nxf6 {[%clk 0:00:15]} 25. Nxf6 {[%clk 0:00:24]}  Bxf6 {[%clk 0:00:11]} 26. Qxf6+ {[%clk 0:00:24]}  Rg7 {[%clk 0:00:11]} 27. h4 {[%clk 0:00:20]}  Rg8 {[%clk 0:00:07]} 28. h5 {[%clk 0:00:19]}  Qd8 {[%clk 0:00:07]} 29. g4 {[%clk 0:00:17]}  Qxf6 {[%clk 0:00:04]} 30. exf6 {[%clk 0:00:18]}  Rg5 {[%clk 0:00:04]} 31. Kf2 {[%clk 0:00:18]}  Nd5 {[%clk 0:00:04]} 32. Kg3 {[%clk 0:00:15]}  Ne3 {[%clk 0:00:04]} 33. Rdc1 {[%clk 0:00:16]}  Nc2 {[%clk 0:00:02]} 34. Ra2 {[%clk 0:00:14]}  Nxd4 {[%clk 0:00:02]} 35. Rd1 {[%clk 0:00:12]}  c5 {[%clk 0:00:02]} 36. b3 {[%clk 0:00:12]}  Nc6 {[%clk 0:00:03]} 37. Rd7 {[%clk 0:00:11]}  Nb4 {[%clk 0:00:03]} 38. Rad2 {[%clk 0:00:11]}  Nd5 {[%clk 0:00:03]} 39. Rxf7 {[%clk 0:00:09]}  Nc3 {[%clk 0:00:03]} 40. Bxe6 {[%clk 0:00:09]}  Rd8 {[%clk 0:00:01]} 41. Rxd8+ {[%clk 0:00:09]}  Bg8 {[%clk 0:00:02]} 42. Rg7 {[%clk 0:00:07]}  Rxg7 {[%clk 0:00:01]} 43. fxg7+ {[%clk 0:00:08]}  Kh7 {[%clk 0:00:01]} 44. Rxg8 {[%clk 0:00:09]}  Ne2+ {[%clk 0:00:01]} 45. Kh2 {[%clk 0:00:10]}  Nd4 {[%clk 0:00:02]} 46. Bd5 {[%clk 0:00:09]}  b5 {[%clk 0:00:01]} 47. h6 {[%clk 0:00:10]}  bxa4 {[%clk 0:00:01]} 48. Rh8+ {[%clk 0:00:10]}  Kg6 {[%clk 0:00:01]} 49. g8=Q+ {[%clk 0:00:11]} 1-0

[Event "April 9 Early 2024"]
[Site "Chess.com"]
[Date "2024.04.09"]
[Round "5"]
[White "Sai Han Thiha"]
[Black "Wesolowska, Hanna"]
[Result "1-0"]
[Board "195"]
[WhiteFideId "13012290"]
[BlackFideId "1104683"]
[WhiteTitle "FM"]
[BlackTitle "WFM"]
[WhiteElo "2509"]
[BlackElo "2310"]
[WhiteTeam "MYA"]
[BlackTeam "POL"]
[WhiteClock "0:00:14"]
[BlackClock "0:00:12"]
[Variant "Standard"]

1. Nf3 {[%clk 0:02:59]}  c5 {[%clk 0:03:00]} 2. g3 {[%clk 0:02:59]}  Nf6 {[%clk 0:02:57]} 3. Bg2 {[%clk 0:02:59]}  g6 {[%clk 0:02:56]} 4. b3 {[%clk 0:02:59]}  Bg7 {[%clk 0:02:57]} 5. Bb2 {[%clk 0:03:00]}  O-O {[%clk 0:02:57]} 6. O-O {[%clk 0:03:01]}  d5 {[%clk 0:02:56]} 7. c4 {[%clk 0:03:02]}  d4 {[%clk 0:02:55]} 8. b4 {[%clk 0:03:02]}  Nc6 {[%clk 0:02:48]} 9. b5 {[%clk 0:03:02]}  Nb8 {[%clk 0:02:40]} 10. d3 {[%clk 0:02:55]}  Re8 {[%clk 0:02:38]} 11. Nbd2 {[%clk 0:02:46]}  e5 {[%clk 0:02:37]} 12. Qc2 {[%clk 0:02:46]}  Bg4 {[%clk 0:02:34]} 13. Rfe1 {[%clk 0:02:44]}  Qc7 {[%clk 0:02:33]} 14. e3 {[%clk 0:02:44]}  Nbd7 {[%clk 0:02:31]} 15. a4 {[%clk 0:02:02]}  Rad8 {[%clk 0:02:12]} 16. h3 {[%clk 0:01:51]}  Bxf3 {[%clk 0:02:00]} 17. Bxf3 {[%clk 0:01:48]}  e4 {[%clk 0:01:46]} 18. Nxe4 {[%clk 0:01:38]}  Ne5 {[%clk 0:01:41]} 19. Nxf6+ {[%clk 0:01:30]}  Bxf6 {[%clk 0:01:37]} 20. Bd5 {[%clk 0:01:31]}  Rxd5 {[%clk 0:01:34]} 21. cxd5 {[%clk 0:01:30]}  Nf3+ {[%clk 0:01:33]} 22. Kg2 {[%clk 0:01:27]}  Nxe1+ {[%clk 0:01:34]} 23. Rxe1 {[%clk 0:01:28]}  Qd6 {[%clk 0:01:18]} 24. e4 {[%clk 0:01:25]}  b6 {[%clk 0:01:19]} 25. f4 {[%clk 0:01:23]}  Bg7 {[%clk 0:01:09]} 26. Qc4 {[%clk 0:01:22]}  h5 {[%clk 0:00:39]} 27. e5 {[%clk 0:01:13]}  Qd7 {[%clk 0:00:30]} 28. Kh2 {[%clk 0:01:08]}  h4 {[%clk 0:00:28]} 29. g4 {[%clk 0:01:07]}  g5 {[%clk 0:00:28]} 30. e6 {[%clk 0:01:06]}  Qd6 {[%clk 0:00:27]} 31. Bc1 {[%clk 0:00:24]}  gxf4 {[%clk 0:00:26]} 32. Re4 {[%clk 0:00:14]}  f3+ {[%clk 0:00:26]} 33. Bf4 {[%clk 0:00:14]}  Qd8 {[%clk 0:00:16]} 34. exf7+ {[%clk 0:00:14]}  Kxf7 {[%clk 0:00:16]} 35. d6+ {[%clk 0:00:15]}  Kf8 {[%clk 0:00:16]} 36. Qd5 {[%clk 0:00:13]}  Rxe4 {[%clk 0:00:16]} 37. Qxe4 {[%clk 0:00:13]}  f2 {[%clk 0:00:16]} 38. Qf3 {[%clk 0:00:13]}  Qe7 {[%clk 0:00:15]} 39. dxe7+ {[%clk 0:00:13]}  Kxe7 {[%clk 0:00:12]} 40. Qxf2 {[%clk 0:00:14]} 1-0

[Event "April 9 Early 2024"]
[Site "Chess.com"]
[Date "2024.04.09"]
[Round "5"]
[White "Palacio,Igor Da Paz"]
[Black "Misailovic, Nebojsa"]
[Result "1-0"]
[Board "197"]
[WhiteFideId "2121140"]
[BlackFideId "903175"]
[BlackTitle "IM"]
[WhiteElo "2305"]
[BlackElo "2500"]
[WhiteTeam "BRA"]
[BlackTeam "SRB"]
[WhiteClock "0:00:12"]
[BlackClock "0:00:10"]
[Variant "Standard"]

1. e4 {[%clk 0:03:00]}  c5 {[%clk 0:02:58]} 2. Nc3 {[%clk 0:03:00]}  Nc6 {[%clk 0:02:58]} 3. g3 {[%clk 0:03:00]}  g6 {[%clk 0:02:58]} 4. Bg2 {[%clk 0:03:00]}  Bg7 {[%clk 0:02:59]} 5. d3 {[%clk 0:03:00]}  Rb8 {[%clk 0:03:00]} 6. Rb1 {[%clk 0:03:00]}  b5 {[%clk 0:03:00]} 7. a3 {[%clk 0:03:00]}  a5 {[%clk 0:02:59]} 8. Be3 {[%clk 0:03:00]}  d6 {[%clk 0:02:58]} 9. f4 {[%clk 0:02:57]}  b4 {[%clk 0:02:54]} 10. axb4 {[%clk 0:02:58]}  axb4 {[%clk 0:02:55]} 11. Nce2 {[%clk 0:02:58]}  e6 {[%clk 0:02:51]} 12. Nf3 {[%clk 0:02:57]}  Nge7 {[%clk 0:02:51]} 13. O-O {[%clk 0:02:56]}  O-O {[%clk 0:02:50]} 14. c3 {[%clk 0:02:55]}  Ba6 {[%clk 0:02:45]} 15. Qd2 {[%clk 0:02:48]}  h6 {[%clk 0:02:02]} 16. Rfd1 {[%clk 0:02:38]}  Qa5 {[%clk 0:01:59]} 17. Ra1 {[%clk 0:02:37]}  Qb5 {[%clk 0:01:59]} 18. Bf1 {[%clk 0:02:31]}  Qb7 {[%clk 0:01:53]} 19. Bg2 {[%clk 0:02:25]}  Ra8 {[%clk 0:01:52]} 20. h3 {[%clk 0:02:11]}  Bb5 {[%clk 0:01:50]} 21. Rxa8 {[%clk 0:02:08]}  Rxa8 {[%clk 0:01:49]} 22. c4 {[%clk 0:02:00]}  Ba6 {[%clk 0:01:40]} 23. e5 {[%clk 0:01:48]}  dxe5 {[%clk 0:01:22]} 24. Nxe5 {[%clk 0:01:46]}  Qb6 {[%clk 0:01:22]} 25. Nd7 {[%clk 0:01:41]}  Qc7 {[%clk 0:01:08]} 26. Nxc5 {[%clk 0:01:39]}  Bb7 {[%clk 0:01:04]} 27. Nxb7 {[%clk 0:01:39]}  Qxb7 {[%clk 0:01:05]} 28. d4 {[%clk 0:01:34]}  Ra2 {[%clk 0:01:00]} 29. Nc1 {[%clk 0:01:22]}  Ra1 {[%clk 0:00:52]} 30. Nb3 {[%clk 0:01:22]}  Rxd1+ {[%clk 0:00:53]} 31. Qxd1 {[%clk 0:01:22]}  Nf5 {[%clk 0:00:54]} 32. Bf2 {[%clk 0:01:19]}  Qd7 {[%clk 0:00:53]} 33. Nc5 {[%clk 0:01:10]}  Qd6 {[%clk 0:00:50]} 34. d5 {[%clk 0:01:05]}  Ncd4 {[%clk 0:00:44]} 35. Ne4 {[%clk 0:00:55]}  Qe7 {[%clk 0:00:43]} 36. g4 {[%clk 0:00:52]}  exd5 {[%clk 0:00:43]} 37. cxd5 {[%clk 0:00:48]}  Nh4 {[%clk 0:00:19]} 38. Bh1 {[%clk 0:00:29]}  Nb5 {[%clk 0:00:15]} 39. Qd3 {[%clk 0:00:23]}  Na7 {[%clk 0:00:10]} 40. d6 {[%clk 0:00:20]}  Qd8 {[%clk 0:00:10]} 41. Bxa7 {[%clk 0:00:19]}  f5 {[%clk 0:00:10]} 42. Qd5+ {[%clk 0:00:16]}  Kh7 {[%clk 0:00:10]} 43. gxf5 {[%clk 0:00:14]}  gxf5 {[%clk 0:00:11]} 44. Nc5 {[%clk 0:00:12]}  Qg8 {[%clk 0:00:11]} 45. Qxg8+ {[%clk 0:00:10]}  Kxg8 {[%clk 0:00:11]} 46. Ne6 {[%clk 0:00:10]}  Bf6 {[%clk 0:00:11]} 47. d7 {[%clk 0:00:10]}  Kf7 {[%clk 0:00:11]} 48. d8=Q {[%clk 0:00:10]}  Bxd8 {[%clk 0:00:12]} 49. Nxd8+ {[%clk 0:00:11]}  Ke7 {[%clk 0:00:12]} 50. Nc6+ {[%clk 0:00:11]}  Kd6 {[%clk 0:00:13]} 51. Nxb4 {[%clk 0:00:12]}  Ng6 {[%clk 0:00:10]} 52. Nd3 {[%clk 0:00:12]} 1-0

[Event "April 9 Early 2024"]
[Site "Chess.com"]
[Date "2024.04.09"]
[Round "5"]
[White "Rohwer, Paul"]
[Black "Kopczynski, Michal"]
[Result "0-1"]
[Board "198"]
[WhiteFideId "2007827"]
[BlackFideId "1124200"]
[BlackTitle "CM"]
[WhiteElo "2305"]
[BlackElo "2499"]
[WhiteTeam "USA"]
[BlackTeam "POL"]
[WhiteClock "0:00:21"]
[BlackClock "0:02:02"]
[Variant "Standard"]

1. e4 {[%clk 0:03:00]}  b6 {[%clk 0:03:00]} 2. Nc3 {[%clk 0:02:58]}  Bb7 {[%clk 0:03:00]} 3. d4 {[%clk 0:02:59]}  e6 {[%clk 0:03:01]} 4. Nf3 {[%clk 0:02:55]}  Nf6 {[%clk 0:03:01]} 5. Bd3 {[%clk 0:02:55]}  d5 {[%clk 0:03:02]} 6. e5 {[%clk 0:02:55]}  Nfd7 {[%clk 0:03:02]} 7. Ne2 {[%clk 0:02:55]}  c5 {[%clk 0:03:02]} 8. c3 {[%clk 0:02:55]}  Nc6 {[%clk 0:03:03]} 9. O-O {[%clk 0:02:55]}  Qc7 {[%clk 0:03:03]} 10. a3 {[%clk 0:02:42]}  h6 {[%clk 0:03:03]} 11. b4 {[%clk 0:02:42]}  c4 {[%clk 0:03:03]} 12. Bc2 {[%clk 0:02:41]}  O-O-O {[%clk 0:03:02]} 13. a4 {[%clk 0:02:41]}  f6 {[%clk 0:02:59]} 14. exf6 {[%clk 0:02:31]}  gxf6 {[%clk 0:03:00]} 15. b5 {[%clk 0:02:29]}  Na5 {[%clk 0:02:58]} 16. Nf4 {[%clk 0:02:21]}  Re8 {[%clk 0:02:53]} 17. Re1 {[%clk 0:02:17]}  e5 {[%clk 0:02:53]} 18. dxe5 {[%clk 0:02:13]}  Nxe5 {[%clk 0:02:45]} 19. Nxd5 {[%clk 0:02:09]}  Nxf3+ {[%clk 0:02:40]} 20. gxf3 {[%clk 0:02:09]}  Rxe1+ {[%clk 0:02:34]} 21. Qxe1 {[%clk 0:02:08]}  Bxd5 {[%clk 0:02:33]} 22. Bf5+ {[%clk 0:02:00]}  Kb7 {[%clk 0:02:32]} 23. Be4 {[%clk 0:00:58]}  Rg8+ {[%clk 0:02:21]} 24. Kf1 {[%clk 0:00:58]}  Qe5 {[%clk 0:02:04]} 25. Bxd5+ {[%clk 0:00:52]}  Qxd5 {[%clk 0:02:05]} 26. Bf4 {[%clk 0:00:21]}  Qd3+ {[%clk 0:02:02]} 0-1

[Event "April 9 Early 2024"]
[Site "Chess.com"]
[Date "2024.04.10"]
[Round "5"]
[White "Tikhonov, Viacheslav"]
[Black "Lesbekova, Assel"]
[Result "0-1"]
[Board "199"]
[WhiteFideId "44196407"]
[BlackFideId "13713248"]
[WhiteTitle "CM"]
[BlackTitle "WCM"]
[WhiteElo "2499"]
[BlackElo "2304"]
[WhiteTeam "RUS"]
[BlackTeam "KGZ"]
[WhiteClock "0:00:00"]
[BlackClock "0:00:13"]
[Variant "Standard"]

1. e4 {[%clk 0:03:00]}  e5 {[%clk 0:02:56]} 2. Nf3 {[%clk 0:03:00]}  Nf6 {[%clk 0:02:56]} 3. Nc3 {[%clk 0:03:00]}  Nc6 {[%clk 0:02:56]} 4. Be2 {[%clk 0:02:59]}  d5 {[%clk 0:02:50]} 5. exd5 {[%clk 0:02:59]}  Nxd5 {[%clk 0:02:51]} 6. O-O {[%clk 0:02:59]}  Be7 {[%clk 0:02:51]} 7. Bb5 {[%clk 0:02:52]}  f6 {[%clk 0:02:47]} 8. d4 {[%clk 0:02:41]}  Nxc3 {[%clk 0:02:39]} 9. bxc3 {[%clk 0:02:41]}  exd4 {[%clk 0:02:35]} 10. Nxd4 {[%clk 0:02:26]}  Bd7 {[%clk 0:02:31]} 11. Bc4 {[%clk 0:01:35]}  Ne5 {[%clk 0:02:29]} 12. Be6 {[%clk 0:00:58]}  c5 {[%clk 0:02:21]} 13. Bxd7+ {[%clk 0:00:28]}  Qxd7 {[%clk 0:02:22]} 14. Nb3 {[%clk 0:00:22]}  Qxd1 {[%clk 0:02:20]} 15. Rxd1 {[%clk 0:00:23]}  Rd8 {[%clk 0:02:15]} 16. Bf4 {[%clk 0:00:20]}  Kf7 {[%clk 0:02:12]} 17. Bxe5 {[%clk 0:00:19]}  fxe5 {[%clk 0:02:11]} 18. Na5 {[%clk 0:00:20]}  b6 {[%clk 0:02:05]} 19. Nc4 {[%clk 0:00:19]}  Bf6 {[%clk 0:02:00]} 20. a4 {[%clk 0:00:17]}  Ke6 {[%clk 0:01:56]} 21. f3 {[%clk 0:00:16]}  Rxd1+ {[%clk 0:01:52]} 22. Rxd1 {[%clk 0:00:15]}  Rd8 {[%clk 0:01:52]} 23. Rd3 {[%clk 0:00:14]}  Rd5 {[%clk 0:01:44]} 24. Kf2 {[%clk 0:00:14]}  Bh4+ {[%clk 0:01:36]} 25. Ke3 {[%clk 0:00:13]}  Bg5+ {[%clk 0:01:36]} 26. Ke2 {[%clk 0:00:13]}  Bd8 {[%clk 0:01:29]} 27. Ke3 {[%clk 0:00:13]}  Rxd3+ {[%clk 0:01:23]} 28. cxd3 {[%clk 0:00:13]}  Kd5 {[%clk 0:01:23]} 29. g3 {[%clk 0:00:10]}  a6 {[%clk 0:01:19]} 30. Nd2 {[%clk 0:00:09]}  b5 {[%clk 0:01:17]} 31. axb5 {[%clk 0:00:09]}  axb5 {[%clk 0:01:18]} 32. c4+ {[%clk 0:00:09]}  bxc4 {[%clk 0:01:17]} 33. dxc4+ {[%clk 0:00:07]}  Kc6 {[%clk 0:01:08]} 34. Nb1 {[%clk 0:00:06]}  Ba5 {[%clk 0:01:07]} 35. Na3 {[%clk 0:00:05]}  Bc3 {[%clk 0:01:02]} 36. Ke4 {[%clk 0:00:05]}  g6 {[%clk 0:00:49]} 37. Nb5 {[%clk 0:00:03]}  Bd4 {[%clk 0:00:47]} 38. h3 {[%clk 0:00:02]}  Bf2 {[%clk 0:00:45]} 39. g4 {[%clk 0:00:02]}  Bg3 {[%clk 0:00:42]} 40. Nc3 {[%clk 0:00:02]}  Kd6 {[%clk 0:00:41]} 41. Nd5 {[%clk 0:00:02]}  Ke6 {[%clk 0:00:40]} 42. Nc3 {[%clk 0:00:01]}  Be1 {[%clk 0:00:38]} 43. Na4 {[%clk 0:00:01]}  Bf2 {[%clk 0:00:36]} 44. Nb2 {[%clk 0:00:02]}  Bd4 {[%clk 0:00:36]} 45. Nd3 {[%clk 0:00:03]}  Kd6 {[%clk 0:00:36]} 46. Ne1 {[%clk 0:00:01]}  Ke6 {[%clk 0:00:36]} 47. Nc2 {[%clk 0:00:01]}  Bc3 {[%clk 0:00:33]} 48. Na3 {[%clk 0:00:02]}  Bd4 {[%clk 0:00:32]} 49. Nb5 {[%clk 0:00:03]}  Bb2 {[%clk 0:00:31]} 50. Nc7+ {[%clk 0:00:03]}  Kd6 {[%clk 0:00:32]} 51. Nd5 {[%clk 0:00:04]}  Ke6 {[%clk 0:00:32]} 52. Nc7+ {[%clk 0:00:03]}  Kd6 {[%clk 0:00:32]} 53. Ne8+ {[%clk 0:00:03]}  Ke6 {[%clk 0:00:27]} 54. f4 {[%clk 0:00:02]}  exf4 {[%clk 0:00:26]} 55. Kxf4 {[%clk 0:00:03]}  Be5+ {[%clk 0:00:26]} 56. Ke4 {[%clk 0:00:03]}  Bg3 {[%clk 0:00:19]} 57. Kf3 {[%clk 0:00:01]}  Bh2 {[%clk 0:00:18]} 58. g5 {[%clk 0:00:02]}  Be5 {[%clk 0:00:17]} 59. Ke4 {[%clk 0:00:01]}  Bd4 {[%clk 0:00:17]} 60. h4 {[%clk 0:00:01]}  Kd7 {[%clk 0:00:16]} 61. Nf6+ {[%clk 0:00:01]}  Bxf6 {[%clk 0:00:16]} 62. gxf6 {[%clk 0:00:01]}  Ke6 {[%clk 0:00:17]} 63. Kf4 {[%clk 0:00:01]}  Kxf6 {[%clk 0:00:18]} 64. Ke4 {[%clk 0:00:00]}  Ke6 {[%clk 0:00:13]} 0-1

[Event "April 9 Early 2024"]
[Site "Chess.com"]
[Date "2024.04.09"]
[Round "5"]
[White "Dwilewicz, Katarzyna"]
[Black "Lauda, Alexandr"]
[Result "1-0"]
[Board "200"]
[WhiteFideId "1148486"]
[BlackFideId "13903179"]
[WhiteTitle "WFM"]
[BlackTitle "CM"]
[WhiteElo "2484"]
[BlackElo "2297"]
[WhiteTeam "POL"]
[BlackTeam "MDA"]
[WhiteClock "0:00:10"]
[BlackClock "0:00:24"]
[Variant "Standard"]

1. e4 {[%clk 0:03:00]}  c5 {[%clk 0:02:59]} 2. c3 {[%clk 0:02:59]}  d5 {[%clk 0:02:56]} 3. exd5 {[%clk 0:02:59]}  Qxd5 {[%clk 0:02:57]} 4. Nf3 {[%clk 0:02:59]}  e5 {[%clk 0:02:56]} 5. d4 {[%clk 0:02:53]}  Nc6 {[%clk 0:02:53]} 6. dxe5 {[%clk 0:02:50]}  Qxd1+ {[%clk 0:02:53]} 7. Kxd1 {[%clk 0:02:50]}  Bg4 {[%clk 0:02:53]} 8. Bf4 {[%clk 0:02:47]}  O-O-O+ {[%clk 0:02:52]} 9. Nd2 {[%clk 0:02:47]}  Nge7 {[%clk 0:02:46]} 10. Kc2 {[%clk 0:02:37]}  h6 {[%clk 0:02:31]} 11. Bd3 {[%clk 0:02:32]}  Nd5 {[%clk 0:02:18]} 12. Be3 {[%clk 0:02:08]}  Ndb4+ {[%clk 0:02:17]} 13. cxb4 {[%clk 0:02:08]}  Nxb4+ {[%clk 0:02:17]} 14. Kb1 {[%clk 0:02:06]}  Nxd3 {[%clk 0:02:13]} 15. Ne1 {[%clk 0:01:30]}  Bf5 {[%clk 0:02:07]} 16. Nxd3 {[%clk 0:01:29]}  Rxd3 {[%clk 0:02:00]} 17. Kc1 {[%clk 0:01:29]}  b5 {[%clk 0:01:46]} 18. Rd1 {[%clk 0:01:27]}  Be7 {[%clk 0:01:42]} 19. Nb3 {[%clk 0:01:25]}  c4 {[%clk 0:01:38]} 20. Rxd3 {[%clk 0:01:23]}  Bxd3 {[%clk 0:01:38]} 21. Nc5 {[%clk 0:01:12]}  Bh7 {[%clk 0:01:28]} 22. a4 {[%clk 0:01:03]}  b4 {[%clk 0:01:26]} 23. f3 {[%clk 0:01:01]}  Rd8 {[%clk 0:01:21]} 24. Ne4 {[%clk 0:01:00]}  a5 {[%clk 0:01:15]} 25. Kc2 {[%clk 0:00:50]}  Rd5 {[%clk 0:01:12]} 26. Rd1 {[%clk 0:00:45]}  b3+ {[%clk 0:01:06]} 27. Kc1 {[%clk 0:00:44]}  Rxd1+ {[%clk 0:01:06]} 28. Kxd1 {[%clk 0:00:43]}  Bxe4 {[%clk 0:01:06]} 29. fxe4 {[%clk 0:00:42]}  Bb4 {[%clk 0:01:02]} 30. Bd4 {[%clk 0:00:24]}  g6 {[%clk 0:01:00]} 31. g4 {[%clk 0:00:23]}  Kd7 {[%clk 0:00:56]} 32. h3 {[%clk 0:00:21]}  Ke6 {[%clk 0:00:56]} 33. Kc1 {[%clk 0:00:20]}  h5 {[%clk 0:00:55]} 34. Kd1 {[%clk 0:00:20]}  hxg4 {[%clk 0:00:54]} 35. hxg4 {[%clk 0:00:21]}  Kd7 {[%clk 0:00:52]} 36. Kc1 {[%clk 0:00:21]}  Kc6 {[%clk 0:00:53]} 37. Kd1 {[%clk 0:00:22]}  Bc5 {[%clk 0:00:51]} 38. Bc3 {[%clk 0:00:22]}  Kb6 {[%clk 0:00:50]} 39. Ke2 {[%clk 0:00:19]}  Bg1 {[%clk 0:00:49]} 40. Kf3 {[%clk 0:00:12]}  Bh2 {[%clk 0:00:47]} 41. Ke3 {[%clk 0:00:11]}  Bg3 {[%clk 0:00:46]} 42. Kd4 {[%clk 0:00:10]}  Kc6 {[%clk 0:00:39]} 43. Kxc4 {[%clk 0:00:11]}  Kd7 {[%clk 0:00:37]} 44. Kxb3 {[%clk 0:00:11]}  Ke6 {[%clk 0:00:37]} 45. Kc4 {[%clk 0:00:10]}  Bxe5 {[%clk 0:00:36]} 46. b3 {[%clk 0:00:03]}  Bc7 {[%clk 0:00:36]} 47. Bd4 {[%clk 0:00:02]}  f5 {[%clk 0:00:36]} 48. exf5+ {[%clk 0:00:01]}  gxf5 {[%clk 0:00:37]} 49. gxf5+ {[%clk 0:00:01]}  Kxf5 {[%clk 0:00:37]} 50. Kb5 {[%clk 0:00:02]}  Ke6 {[%clk 0:00:36]} 51. Bc3 {[%clk 0:00:03]}  Kd7 {[%clk 0:00:34]} 52. Bxa5 {[%clk 0:00:03]}  Bd6 {[%clk 0:00:35]} 53. Bc3 {[%clk 0:00:04]}  Kc8 {[%clk 0:00:35]} 54. Ka6 {[%clk 0:00:03]}  Kb8 {[%clk 0:00:34]} 55. Ba5 {[%clk 0:00:04]}  Ka8 {[%clk 0:00:34]} 56. Bb6 {[%clk 0:00:05]}  Ba3 {[%clk 0:00:34]} 57. Bd4 {[%clk 0:00:05]}  Bd6 {[%clk 0:00:34]} 58. Kb5 {[%clk 0:00:05]}  Ba3 {[%clk 0:00:34]} 59. Bc5 {[%clk 0:00:06]}  Bb2 {[%clk 0:00:34]} 60. a5 {[%clk 0:00:06]}  Bc3 {[%clk 0:00:34]} 61. a6 {[%clk 0:00:07]}  Be1 {[%clk 0:00:34]} 62. Kc6 {[%clk 0:00:06]}  Bd2 {[%clk 0:00:34]} 63. Kb5 {[%clk 0:00:06]}  Be1 {[%clk 0:00:34]} 64. Kc4 {[%clk 0:00:06]}  Bd2 {[%clk 0:00:34]} 65. Bb4 {[%clk 0:00:07]}  Be3 {[%clk 0:00:34]} 66. Bc3 {[%clk 0:00:07]}  Bb6 {[%clk 0:00:33]} 67. b4 {[%clk 0:00:07]}  Ba5 {[%clk 0:00:31]} 68. b5 {[%clk 0:00:06]}  Bb6 {[%clk 0:00:31]} 69. Kd5 {[%clk 0:00:07]}  Bd8 {[%clk 0:00:30]} 70. Kc6 {[%clk 0:00:08]}  Kb8 {[%clk 0:00:28]} 71. Be5+ {[%clk 0:00:08]}  Ka8 {[%clk 0:00:28]} 72. Bc7 {[%clk 0:00:08]}  Bg5 {[%clk 0:00:25]} 73. b6 {[%clk 0:00:09]}  Bf4 {[%clk 0:00:23]} 74. b7+ {[%clk 0:00:09]}  Ka7 {[%clk 0:00:24]} 75. b8=Q+ {[%clk 0:00:10]}  Kxa6 {[%clk 0:00:24]} 76. Qb6# {[%clk 0:00:10]} 1-0